[Event "Pardubice Czech op-A 25th"]
[Site "Pardubice"]
[Date "2014.07.23"]
[Round "6"]
[White "Lokander, Martin"]
[Black "Yefimov, Mstislav"]
[Result "1-0"]
[WhiteElo "2309"]
[BlackElo "2138"]
[PlyCount "111"]
[EventDate "2014.07.18"]
[EventType "swiss"]
[EventRounds "9"]
[EventCountry "CZE"]
[SourceTitle "CBM 161 Extra"]
[Source "ChessBase"]
[SourceDate "2014.08.29"]
[SourceVersion "1"]
[SourceVersionDate "2014.08.29"]
[SourceQuality "1"]

1. b3 d5 2. Bb2 Nf6 3. e3 Bf5 4. Nf3 e6 5. c4 Be7 6. Be2 0-0 7. Nc3 c6 8. cxd5 exd5 9. h3 Nbd7 10. g4 Bg6 11. h4 Nxg4 12. Nd4 Nge5 13. h5 Nd3+ 14. Bxd3 Bxd3 15. Qg4 Bf6 16. Rg1 Ne5 17. Qg2 Be4 18. Nxe4 Nd3+ 19. Ke2 dxe4 20. Bc3 Re8 21. Rad1 Bxd4 22. Bxd4 Qxd4 23. exd4 Nf4+ 24. Ke3 Nxg2+ 25. Rxg2 Re6 26. Rc1 Rd8 27. Rg5 Red6 28. Rc4 b5 29. Rc2 Rxd4 30. h6 Rd3+ 31. Ke2 g6 32. Re5 f5 33. Re7 R8d7 34. Rxd7 Rxd7 35. Rxc6 Kf7 36. Ke3 g5 37. Rc5 Kg6 38. Rxb5 Rd3+ 39. Ke2 f4 40. Re5 Rd4 41. Re6+ Kf5 42. Re7 f3+ 43. Ke1 g4 44. Rxh7 g3 45. fxg3 Kg4 46. Rg7+ Kh3 47. Kf1 Rxd2 48. h7 Rd1+ 49. Kf2 Rd2+ 50. Ke3 Re2+ 51. Kd4 Kg2 52. h8Q f2 53. Rf7 e3 54. Qa8+ Kg1 55. Qf3 Re1 56. Qxe3 1-0

[Event "Pardubice Czech op-A 24th"]
[Site "Pardubice"]
[Date "2013.07.24"]
[Round "6"]
[White "Le Ruyet, Leopold"]
[Black "Yefimov, Mstislav"]
[Result "1/2-1/2"]
[WhiteElo "2273"]
[BlackElo "2137"]
[PlyCount "78"]
[EventDate "2013.07.19"]
[EventType "swiss"]
[EventRounds "9"]
[EventCountry "CZE"]
[SourceTitle "CBM 155 Extra"]
[Source "ChessBase"]
[SourceDate "2013.08.26"]
[SourceVersion "1"]
[SourceVersionDate "2013.08.26"]
[SourceQuality "1"]

1. e4 e5 2. Nf3 d6 3. d4 exd4 4. Qxd4 Nc6 5. Bb5 Nge7 6. Be3 a6 7. Bxc6+ Nxc6 8. Qd2 Be7 9. Nc3 0-0 10. 0-0-0 Be6 11. h4 Ne5 12. Nxe5 dxe5 13. Qe2 Qc8 14. Nd5 Bxd5 15. Rxd5 Qe6 16. Kb1 Rad8 17. Rhd1 c6 18. Rxd8 Rxd8 19. Rxd8+ Bxd8 20. g3 Qd7 21. c4 g6 22. Kc2 h5 23. c5 Be7 24. Qc4 Bd8 25. Bd2 Bf6 26. Bc3 Bg7 27. a4 Kf8 28. b4 Ke7 29. f4 Qe6 30. Qd3 f5 31. Kb2 Bf6 32. exf5 gxf5 33. fxe5 Bxe5 34. Qe3 Bxc3+ 35. Qxc3 Qf6 36. Kc2 f4 37. gxf4 Qxf4 38. Qg7+ Ke6 39. Qg6+ Ke7 1/2-1/2

[Event "Olomouc op"]
[Site "Olomouc"]
[Date "2011.08.11"]
[Round "9"]
[White "Yefimov, Mstislav"]
[Black "Kulas, Szymon"]
[Result "1-0"]
[WhiteElo "2127"]
[BlackElo "1930"]
[PlyCount "79"]
[EventDate "2011.08.04"]
[EventType "swiss"]
[EventRounds "9"]
[EventCountry "CZE"]
[SourceTitle "CBM 143 Extra"]
[Source "ChessBase"]
[SourceDate "2011.08.29"]
[SourceVersion "1"]
[SourceVersionDate "2011.08.29"]
[SourceQuality "1"]

1. d4 Nf6 2. Nf3 g6 3. c4 Bg7 4. Nc3 0-0 5. Bg5 c5 6. d5 b5 7. cxb5 d6 8. e4 Qa5 9. Nd2 Nbd7 10. Nc4 Qc7 11. Be2 Nb6 12. 0-0 a6 13. Ne3 axb5 14. Nxb5 Qb7 15. Qc2 Bd7 16. Nc3 Rfb8 17. Rab1 Na4 18. Nxa4 Rxa4 19. b3 Ra7 20. Nc4 Qa8 21. a4 Bc8 22. Bd2 Nd7 23. Bc3 Bxc3 24. Qxc3 Nb6 25. Ne3 Rab7 26. Bd3 Nd7 27. f4 f6 28. Bb5 Qa7 29. Nc4 Rc7 30. Kh1 Ba6 31. Bxa6 Qxa6 32. e5 dxe5 33. fxe5 Rcb7 34. d6 Nxe5 35. Nxe5 Rxb3 36. Qc2 fxe5 37. dxe7 Rxb1 38. Qxb1 Kg7 39. Qd1 Re8 40. Qf3 1-0

[Event "Pardubice Czech op 22nd"]
[Site "Pardubice"]
[Date "2011.07.26"]
[Round "5"]
[White "Gislason, Gudmundur"]
[Black "Yefimov, Mstislav"]
[Result "1-0"]
[WhiteElo "2322"]
[BlackElo "2127"]
[PlyCount "109"]
[EventDate "2011.07.22"]
[EventType "swiss"]
[EventRounds "9"]
[EventCountry "CZE"]
[SourceTitle "CBM 143 Extra"]
[Source "ChessBase"]
[SourceDate "2011.08.29"]
[SourceVersion "1"]
[SourceVersionDate "2011.08.29"]
[SourceQuality "1"]

1. d4 d5 2. c4 c6 3. Nf3 Nf6 4. e3 a6 5. Bd3 dxc4 6. Bxc4 b5 7. Bd3 e6 8. a4 b4 9. e4 Bb7 10. e5 Nd5 11. Ng5 h5 12. Qf3 Qd7 13. Nd2 c5 14. dxc5 Nc6 15. Nc4 Bxc5 16. Ne4 Bd4 17. Ned6+ Kf8 18. Bg6 Nd8 19. Bg5 f6 20. Nxb7 Qxb7 21. Rd1 Nc6 22. exf6 gxf6 23. Be4 Qe7 24. 0-0 Rd8 25. Bh4 Ne5 26. Qb3 Qc5 27. Bxd5 Qxd5 28. Qxb4+ Kf7 29. Nxe5+ Qxe5 30. Qb7+ Kg6 31. Rfe1 Qf4 32. Bg3 Qg4 33. h3 Qxg3 34. Rxd4 Qg5 35. Rxd8 Rxd8 36. Qe4+ Qf5 37. Qxe6 Rb8 38. b4 Qxe6 39. Rxe6 Rxb4 40. Rxa6 Rb1+ 41. Kh2 Ra1 42. Kg3 Ra3+ 43. f3 Ra2 44. h4 Ra3 45. Ra8 Kf5 46. a5 Ra1 47. a6 Ra3 48. a7 Ra4 49. Kf2 Ra2+ 50. Ke3 Ra3+ 51. Kd4 Ra4+ 52. Kc5 Ra5+ 53. Kb6 Ra1 54. Rg8 Rb1+ 55. Kc5 1-0

[Event "Pardubice Czech op 22nd"]
[Site "Pardubice"]
[Date "2011.07.23"]
[Round "2"]
[White "Yefimov, Mstislav"]
[Black "De Verdier, Michael Carl Adam"]
[Result "1/2-1/2"]
[WhiteElo "2127"]
[BlackElo "2359"]
[PlyCount "56"]
[EventDate "2011.07.22"]
[EventType "swiss"]
[EventRounds "9"]
[EventCountry "CZE"]
[SourceTitle "CBM 143 Extra"]
[Source "ChessBase"]
[SourceDate "2011.08.29"]
[SourceVersion "1"]
[SourceVersionDate "2011.08.29"]
[SourceQuality "1"]

1. d4 e6 2. c4 Nf6 3. Nc3 Bb4 4. e3 0-0 5. Nge2 d5 6. a3 Be7 7. cxd5 exd5 8. Nf4 c6 9. Bd3 Re8 10. 0-0 a5 11. Bc2 Bd6 12. Nce2 Nbd7 13. f3 Nf8 14. Kh1 Ng6 15. Qd3 b6 16. Nxg6 hxg6 17. Qd2 c5 18. Nc3 Ba6 19. Re1 Nh5 20. dxc5 Bxc5 21. Qf2 d4 22. Ne4 dxe3 23. Bxe3 Bxe3 24. Qxe3 Qc7 25. Rac1 Qe5 26. Qc3 Qxc3 27. Nxc3 Nf6 28. Kg1 Rad8 1/2-1/2

[Event "Ivanovo Derbenev op"]
[Site "Ivanovo"]
[Date "2010.06.24"]
[Round "4"]
[White "Yefimov, Mstislav"]
[Black "Vinogradov, Anatoly"]
[Result "1-0"]
[WhiteElo "2050"]
[BlackElo "2012"]
[PlyCount "81"]
[EventDate "2010.06.20"]
[EventType "swiss"]
[EventRounds "9"]
[EventCountry "RUS"]
[SourceTitle "CBM 137 Extra"]
[Source "ChessBase"]
[SourceDate "2010.09.01"]
[SourceVersion "1"]
[SourceVersionDate "2010.09.01"]
[SourceQuality "1"]

1. d4 Nf6 2. c4 e6 3. Nf3 d5 4. e3 Be7 5. Nbd2 0-0 6. Bd3 c6 7. b3 b6 8. Bb2 Bb7 9. 0-0 c5 10. Rc1 Na6 11. Ne5 Nb4 12. Bb1 dxc4 13. bxc4 cxd4 14. exd4 Nc6 15. Ndf3 h6 16. Re1 Bd6 17. Qc2 Nb4 18. Qb3 Nc6 19. a3 Bxe5 20. dxe5 Ne8 21. a4 Ne7 22. Red1 Qc7 23. Ba3 a5 24. Qd3 g6 25. Qd7 Bxf3 26. gxf3 Ra7 27. Qb5 Kh8 28. c5 bxc5 29. Rxc5 Qb7 30. Be4 Qa6 31. Qxa6 Rxa6 32. Rb5 Ra7 33. Rb7 Rxb7 34. Bxb7 Nc7 35. Bxe7 Rb8 36. Rd8+ Rxd8 37. Bxd8 Ne8 38. Bxa5 f6 39. exf6 Nxf6 40. Bc3 Kg7 41. a5 1-0

[Event "Vladimir op-B"]
[Site "Vladimir"]
[Date "2009.08.28"]
[Round "9"]
[White "Yefimov, Mstislav"]
[Black "Ryzhov, Vladimir1111"]
[Result "0-1"]
[WhiteElo "1976"]
[BlackElo "2246"]
[PlyCount "102"]
[EventDate "2009.08.19"]
[EventType "swiss"]
[EventRounds "9"]
[EventCountry "RUS"]
[SourceTitle "EXT 2012"]
[Source "ChessBase"]
[SourceDate "2011.11.24"]
[SourceVersion "1"]
[SourceVersionDate "2011.11.24"]
[SourceQuality "1"]

1. d4 f5 2. g3 Nf6 3. Bg2 e6 4. c4 d5 5. Nh3 c6 6. Nd2 Bd6 7. 0-0 h6 8. f4 Ne4 9. Qc2 Nd7 10. Nf3 0-0 11. Ne5 Kh7 12. Nf2 Nxe5 13. fxe5 Be7 14. Nxe4 dxe4 15. Be3 c5 16. Rfd1 cxd4 17. Bxd4 Qc7 18. e3 Bd7 19. Rac1 Rfd8 20. b3 Ba3 21. Bb2 Bc5 22. Bd4 Be8 23. Bf1 a5 24. Be2 g5 25. Kh1 Bg6 26. Bxc5 Qxc5 27. Qc3 f4 28. gxf4 gxf4 29. exf4 e3 30. Bf3 Bh5 31. Qc2+ Bg6 32. Qc3 Kh8 33. h3 Rg8 34. Rg1 Rad8 35. Qe1 Rd3 36. Qh4 Kh7 37. Rcd1 Rxd1 38. Rxd1 Rg7 39. Qe1 Bc2 40. Rc1 Bd3 41. Rd1 Qd4 42. Qh4 Be4 43. Rxd4 Bxf3+ 44. Kh2 Rg2+ 45. Kh1 Rg4+ 46. Kh2 Rxh4 47. Rd3 e2 48. Re3 Rxf4 49. Kg3 Re4 50. Rxe4 Bxe4 51. Kf2 Bd3 0-1

[Event "Budapest FS10 FM-A"]
[Site "Budapest"]
[Date "2008.10.05"]
[Round "2"]
[White "Yefimov, Mstislav"]
[Black "Torok, Tamas Titusz"]
[Result "1/2-1/2"]
[WhiteElo "1978"]
[BlackElo "2109"]
[PlyCount "75"]
[EventDate "2008.10.04"]
[EventType "tourn"]
[EventRounds "11"]
[EventCountry "HUN"]
[SourceTitle "EXT 2010"]
[Source "ChessBase"]
[SourceDate "2010.11.25"]
[SourceVersion "1"]
[SourceVersionDate "2010.11.25"]
[SourceQuality "1"]

1. d4 c5 2. d5 e5 3. c4 d6 4. Nc3 Be7 5. e3 f5 6. Nf3 Nh6 7. Be2 0-0 8. 0-0 Nf7 9. a3 Nd7 10. Nd2 g5 11. b4 b6 12. Bb2 Bf6 13. e4 f4 14. Bg4 Bg7 15. g3 Nf6 16. Bxc8 Qxc8 17. gxf4 gxf4 18. Kh1 Qh3 19. Qf3 Qh4 20. Rg1 Kh8 21. Nb5 Rfc8 22. Rg2 Bf8 23. Rag1 a6 24. Nc3 Bh6 25. Na4 Rab8 26. b5 a5 27. Qe2 Re8 28. Nc3 Qh3 29. Nf3 Rg8 30. Rxg8+ Rxg8 31. Na4 Nd7 32. Rxg8+ Kxg8 33. Nd2 Ng5 34. f3 Qh4 35. Nf1 Qh3 36. Nd2 Qh4 37. Nf1 Kf8 38. Bc3 1/2-1/2

[Event "Vladimir op-B"]
[Site "Vladimir"]
[Date "2008.08.20"]
[Round "8"]
[White "Yefimov, Mstislav"]
[Black "Radomsky, Viacheslav G"]
[Result "0-1"]
[WhiteElo "1872"]
[BlackElo "2213"]
[PlyCount "50"]
[EventDate "2008.08.12"]
[EventType "swiss"]
[EventRounds "10"]
[EventCountry "RUS"]
[SourceTitle "CBM 126 Extra"]
[Source "ChessBase"]
[SourceDate "2008.11.05"]
[SourceVersion "1"]
[SourceVersionDate "2008.11.05"]
[SourceQuality "1"]

1. d4 d5 2. c4 e6 3. Nc3 c6 4. Nf3 Nf6 5. Bg5 Nbd7 6. cxd5 exd5 7. e3 Bd6 8. Bd3 0-0 9. 0-0 Re8 10. Rb1 Qe7 11. Qc2 Nf8 12. a3 Bg4 13. Nd2 Bh5 14. Bxf6 Qxf6 15. b4 Qh4 16. g3 Qf6 17. a4 Bg4 18. b5 h5 19. bxc6 bxc6 20. Rfe1 h4 21. Nf1 Ne6 22. f4 Nxd4 23. exd4 Qxd4+ 24. Qf2 Qxc3 25. Qc2 Bc5+ 0-1